<An> execution efficiency of a parallelized .NET application designed by the task parallel library
Paralelizácia kódu .NET aplikácie na distribúciu práce cez multiprocesory. Sériové a paralelné metódy. Dátový paralelizmus. Rozsahové rozdeľovanie.
Enregistré dans:
| Auteur principal: | |
|---|---|
| Format: | Chapitre de livre |
| Langue: | anglais |
| Sujets: | |
| Tags: |
Pas de tags, Soyez le premier à ajouter un tag!
|
MARC
| LEADER | 00000nla$a2200000$$$4500 | ||
|---|---|---|---|
| 001 | 0145797 | ||
| 005 | 20240502083336.8 | ||
| 041 | 0 | |a eng | |
| 044 | |a CZ | ||
| 245 | 1 | 0 | |a <An> execution efficiency of a parallelized .NET application designed by the task parallel library |c Igor Košťál |
| 520 | |a Paralelizácia kódu .NET aplikácie na distribúciu práce cez multiprocesory. Sériové a paralelné metódy. Dátový paralelizmus. Rozsahové rozdeľovanie. | ||
| 610 | 2 | 0 | |a multiprocessing |
| 610 | 2 | 0 | |a programovanie |
| 610 | 2 | 0 | |a dáta |
| 610 | 2 | 0 | |a metódy |
| 100 | 1 | |a Košťál, Igor, 1962- | |